000 00354nam a2200145Ia 4500
008 221030s9999 xx 000 0 und d
041 _aEnglish
082 _a105.23
_bAwa
100 _aE. M. Awad
245 0 _aSystem Analysis & Design
_cby E. M. Awad
260 _bGalgotia Pub
_aNew Delhi
_c2003
300 _a524
650 _aBE Computer
942 _cBK
999 _c8499
_d8499